| 000 | 00622cab a2200193 4500 | ||
|---|---|---|---|
| 001 | WB2316-57 | ||
| 008 | 090401t1987 xxu||||| |||| 00| 0 eng d | ||
| 035 | _a(Sirsi) u64143 | ||
| 041 | _aeng | ||
| 245 | _aSpecial case for London | ||
| 260 | _c1987 | ||
| 350 | _a0 | ||
| 490 |
_aEstates Gazette _v282(6330) 18/4/87 p294 Estates Times (890) 17/4/87 |
||
| 520 | _aThe City of London is to be made a special case with regard to reform of domestic rates . Options are being considered by the DoE and City Corporation. | ||
| 650 | _aREVALUATION | ||
| 690 | _aRATING AND VALUATION | ||
| 942 | _n0 | ||
| 948 | _c04/03/1997 | ||
| 999 |
_c39934 _d39934 |
||